=LDR 00000nam 2200000 4500 =001 INLIS000000000022944 =005 20130612121640 =008 ***********************************Ind** =035 ##$$0010-061300000022944 =041 ##$$a Ind =082 ##$$a 621.3 =090 ##$$a 621.3, Zor-t =100 ##$$a Zorkoczy, Peter =245 ##$$a Teknologi Informasi =260 ##$$a 1998 $b Jakarta =300 ##$$a x, 255 hlm., ilus., 21 cm =650 ##$$a Teknologi - Informasi =850 ##$$a NBPNMAT =990 ##$$a 21400613/BPAP-NTB/20142014 =990 ##$$a 0001/BPAP-NTB/20142015 =990 ##$$a 15061506 =990 ##$$a 21400613/BPAP-NTB/20142014 =990 ##$$a 00045985 =990 ##$$a 0001/BPAP-NTB/20142015 =990 ##$$a 01201901506